[Event "BL2 West 2223 (Women)"]
[Site "Germany"]
[Date "2023.03.12"]
[Round "7.5"]
[White "Benzen, Marthe"]
[Black "Wenke, Andrea"]
[Result "1-0"]
[ECO "C62"]
[WhiteElo "1959"]
[BlackElo "1657"]
[PlyCount "87"]
[EventDate "2022.10.15"]
[EventType "team-tourn"]
[EventRounds "7"]
[EventCountry "GER"]
[SourceTitle "EXT 2025"]
[Source "ChessBase"]
[SourceDate "2024.10.14"]
[SourceVersion "1"]
[SourceVersionDate "2024.10.14"]
[SourceQuality "1"]
[WhiteTeam "Kiel Doppelbauer (W)"]
[BlackTeam "Delmenhorst (W)"]
[WhiteTeamCountry "GER"]
[BlackTeamCountry "GER"]

1. e4 e5 2. Nf3 Nc6 3. Bb5 d6 4. d4 exd4 5. Nxd4 Bd7 6. Nc3 Ne5 7. f4 a6 8. Be2 Nc6 9. 0-0 Nf6 10. b3 Be7 11. Bb2 0-0 12. Nxc6 Bxc6 13. Bd3 Qd7 14. Nd5 Bxd5 15. exd5 Qg4 16. Be2 Qf5 17. c4 c6 18. dxc6 bxc6 19. Bd3 Qc5+ 20. Kh1 Qh5 21. Bxf6 Qxd1 22. Raxd1 Bxf6 23. Be4 d5 24. cxd5 cxd5 25. Rxd5 a5 26. Rh5 g6 27. Bxa8 gxh5 28. Bd5 Bc3 29. g3 Re8 30. Kg2 Kg7 31. Rc1 Bb4 32. Bf3 Kg6 33. Rc6+ Re6 34. Rc8 Kh6 35. a4 Rg6 36. Rc7 Rg7 37. Kh3 f6 38. Rc6 Rg6 39. Rb6 f5 40. Rb5 Rf6 41. Bb7 Rf8 42. Rxb4 axb4 43. a5 Kg6 44. a6 1-0

[Event "BL2 West 2223 (Women)"]
[Site "Germany"]
[Date "2022.11.12"]
[Round "3.4"]
[White "Wenke, Andrea"]
[Black "Barpiyeva, Gulsana"]
[Result "0-1"]
[ECO "B41"]
[WhiteElo "1659"]
[BlackElo "2016"]
[PlyCount "84"]
[EventDate "2022.10.15"]
[EventType "team-tourn"]
[EventRounds "7"]
[EventCountry "GER"]
[SourceTitle "EXT 2025"]
[Source "ChessBase"]
[SourceDate "2024.10.14"]
[SourceVersion "1"]
[SourceVersionDate "2024.10.14"]
[SourceQuality "1"]
[WhiteTeam "Delmenhorst (W)"]
[BlackTeam "Hofheim (W)"]
[WhiteTeamCountry "GER"]
[BlackTeamCountry "GER"]

1. e4 c5 2. Nf3 e6 3. d4 cxd4 4. Nxd4 a6 5. b3 Qc7 6. Bb2 Nf6 7. Nd2 Bb4 8. Bd3 b5 9. Rc1 Bc3 10. Bxc3 Qxc3 11. N4f3 Bb7 12. 0-0 Nc6 13. Nb1 Qa5 14. a3 b4 15. axb4 Nxb4 16. Nbd2 d5 17. exd5 Nxd3 18. cxd3 Qxd5 19. Nc4 Rd8 20. d4 0-0 21. Nce5 Nd7 22. Re1 h6 23. Kf1 Qb5+ 24. Qd3 Qd5 25. Qc4 Nxe5 26. dxe5 Qa5 27. Red1 Bd5 28. Qa4 Qb6 29. Nd4 Qb7 30. f3 Qb8 31. f4 f6 32. exf6 Qxf4+ 33. Nf3 Qxf6 34. Rd3 e5 35. Re3 e4 36. Rxe4 Bxe4 37. Qxe4 Rd4 38. Qe2 Qb6 39. Ke1 Qb4+ 40. Nd2 Rxd2 41. Qxd2 Rf1+ 42. Ke2 Rf2+ 0-1

[Event "BL2 West 2223 (Women)"]
[Site "Germany"]
[Date "2022.10.15"]
[Round "1.5"]
[White "Margaryan, Sofia"]
[Black "Wenke, Andrea"]
[Result "1-0"]
[ECO "B08"]
[WhiteElo "1244"]
[BlackElo "1677"]
[PlyCount "123"]
[EventDate "2022.10.15"]
[EventType "team-tourn"]
[EventRounds "7"]
[EventCountry "GER"]
[SourceTitle "EXT 2025"]
[Source "ChessBase"]
[SourceDate "2024.10.14"]
[SourceVersion "1"]
[SourceVersionDate "2024.10.14"]
[SourceQuality "1"]
[WhiteTeam "Elmshorn (W)"]
[BlackTeam "Delmenhorst (W)"]
[WhiteTeamCountry "GER"]
[BlackTeamCountry "GER"]

1. d4 d6 2. e4 g6 3. Nf3 Bg7 4. Nc3 Nf6 5. Bc4 0-0 6. 0-0 Bg4 7. h3 Bd7 8. Re1 c5 9. dxc5 dxc5 10. e5 Ne8 11. e6 Nd6 12. exf7+ Nxf7 13. Bxf7+ Rxf7 14. Ng5 Rf5 15. Ne6 Qb6 16. Nxg7 Kxg7 17. Rxe7+ Rf7 18. Rxf7+ Kxf7 19. Qf3+ Kg7 20. b3 Nc6 21. Bb2 Nd4 22. Nd5 Qd6 23. c4 Rf8 24. Qd3 Qe5 25. Bxd4 cxd4 26. f4 Qh5 27. Qxd4+ Kh6 28. Nf6 Rxf6 29. Qxf6 Qc5+ 30. Kh2 Qf2 31. Rd1 Bc6 32. Qg5+ Kg7 33. f5 Kf7 34. Rd2 Qe1 35. fxg6+ hxg6 36. Qf4+ Kg7 37. Qf2 Qe5+ 38. g3 Qe7 39. Qd4+ Kh6 40. Qh8+ Qh7 41. Qxh7+ Kxh7 42. Re2 a6 43. a4 Bf3 44. Rf2 Be4 45. g4 Kh6 46. Kg3 Bc6 47. h4 b5 48. g5+ Kg7 49. axb5 axb5 50. cxb5 Bxb5 51. b4 Bd7 52. Rd2 Bb5 53. Kg4 Kf7 54. h5 gxh5+ 55. Kxh5 Kg7 56. g6 Be8 57. Rd6 Bb5 58. Kg5 Be8 59. Rb6 Ba4 60. Rb7+ Kg8 61. Kh6 Bc6 62. Rb8+ 1-0

[Event "BL2 West 2122 (Women)"]
[Site "Germany"]
[Date "2021.11.28"]
[Round "2.6"]
[White "Malinowsky, Celina"]
[Black "Wenke, Andrea"]
[Result "1-0"]
[ECO "C54"]
[WhiteElo "1455"]
[BlackElo "1706"]
[PlyCount "85"]
[EventDate "2021.11.27"]
[EventType "team-tourn"]
[EventRounds "7"]
[EventCountry "GER"]
[SourceTitle "EXT 2023"]
[Source "ChessBase"]
[SourceDate "2022.10.05"]
[SourceVersion "1"]
[SourceVersionDate "2022.10.05"]
[SourceQuality "1"]
[WhiteTeam "Kiel Doppelbauer (W)"]
[BlackTeam "Delmenhorst (W)"]
[WhiteTeamCountry "GER"]
[BlackTeamCountry "GER"]

1. e4 e5 2. Nf3 Nc6 3. Bc4 Bc5 4. c3 d6 5. d3 Nf6 6. Nbd2 0-0 7. 0-0 Bg4 8. Bb3 Qd7 9. Re1 Nh5 10. Nf1 Nf4 11. Ng3 Bh3 12. Bxf4 exf4 13. gxh3 fxg3 14. d4 gxf2+ 15. Kxf2 Bb6 16. h4 Qh3 17. Rg1 Kh8 18. Rg3 Qd7 19. Ng5 g6 20. h5 Na5 21. Ba4 Nc6 22. hxg6 fxg6+ 23. Rf3 Qg4 24. Nf7+ Kg7 25. Bb3 Qxe4 26. Qd2 Qh4+ 27. Kg2 Nd8 28. Raf1 Qg4+ 29. Kh1 Qh5 30. Qf4 Nxf7 31. Qf6+ Kh6 32. Bxf7 c6 33. Rf4 Bd8 34. Qxd6 Bg5 35. Rf5 Rad8 36. Qe6 Kg7 37. Qe5+ Kh6 38. R5f3 Qh4 39. Qe6 Kg7 40. Rh3 Qxh3 41. Qxh3 Rxf7 42. Rxf7+ Kxf7 43. Qxh7+ 1-0

[Event "BL2 West 1920 (Women)"]
[Site "Germany"]
[Date "2019.09.15"]
[Round "2.5"]
[White "Rommeck, Christiane"]
[Black "Wenke, Andrea"]
[Result "1-0"]
[ECO "C45"]
[WhiteElo "1558"]
[BlackElo "1720"]
[PlyCount "117"]
[EventDate "2019.09.14"]
[EventType "team-tourn"]
[EventRounds "7"]
[EventCountry "GER"]
[SourceTitle "EXT 2021"]
[Source "ChessBase"]
[SourceDate "2020.10.23"]
[SourceVersion "1"]
[SourceVersionDate "2020.10.23"]
[SourceQuality "1"]
[WhiteTeam "Kiel Doppelbauer (W)"]
[BlackTeam "Delmenhorst (W)"]
[WhiteTeamCountry "GER"]
[BlackTeamCountry "GER"]

1. e4 e5 2. Nf3 Nc6 3. d4 exd4 4. Nxd4 Bc5 5. Be3 Qf6 6. c3 Bb6 7. Bc4 Ne5 8. Bb3 d6 9. Nd2 Qh4 10. Qc2 Ng4 11. g3 Nxe3 12. fxe3 Qh6 13. Nc4 Bg4 14. Qf2 Nf6 15. e5 dxe5 16. Nxe5 0-0 17. Nxg4 Nxg4 18. Qf4 Bxd4 19. Qxh6 Bxc3+ 20. bxc3 Nxh6 21. 0-0 Rad8 22. Rf4 g6 23. e4 Kg7 24. e5 Rd3 25. Raf1 Re3 26. e6 f5 27. Rd4 Kf6 28. Rd7 Rxc3 29. Re1 Rxb3 30. axb3 Re8 31. Rxh7 Ng8 32. Rf7+ Kg5 33. Rxc7 Re7 34. Rxe7 Nxe7 35. Rd1 Kf6 36. Rd7 Kxe6 37. Rxb7 a5 38. Kf2 g5 39. Ke3 Nc6 40. Rg7 Kf6 41. Rc7 Ne5 42. Kd4 Nf3+ 43. Kd5 Nxh2 44. Rc6+ Kf7 45. Ke5 Nf1 46. Kxf5 Nxg3+ 47. Kxg5 Ne2 48. Rc4 Ng3 49. Ra4 Ne2 50. Rxa5 Nd4 51. b4 Nc6 52. Rf5+ Ke8 53. b5 Nb8 54. Kf6 Kd7 55. Rd5+ Kc7 56. Ke5 Kb6 57. Kd4 Kc7 58. Kc5 Kb7 59. Rd8 1-0

[Event "GER-chT Federal Cup (Women)"]
[Site "Braunfels"]
[Date "2019.06.22"]
[Round "4.54"]
[White "Weinmann, Helene"]
[Black "Wenke, Andrea"]
[Result "1/2-1/2"]
[ECO "B06"]
[WhiteElo "1522"]
[BlackElo "1756"]
[PlyCount "63"]
[EventDate "2019.06.20"]
[EventType "team-swiss"]
[EventRounds "5"]
[EventCountry "GER"]
[SourceTitle "CBM 191 Extra"]
[Source "ChessBase"]
[SourceDate "2019.09.30"]
[SourceVersion "1"]
[SourceVersionDate "2019.09.30"]
[SourceQuality "1"]

1. d4 d6 2. Nf3 g6 3. c3 Bg7 4. e4 Bg4 5. Be2 c6 6. 0-0 Nf6 7. Nbd2 0-0 8. Bd3 Nbd7 9. Qc2 e5 10. h3 Be6 11. Re1 exd4 12. Nxd4 Ne5 13. Nxe6 fxe6 14. Be2 Nfd7 15. Nf3 Nxf3+ 16. Bxf3 Ne5 17. Be2 Qh4 18. Be3 d5 19. exd5 exd5 20. Rf1 Rf7 21. Bd4 a6 22. Bxe5 Bxe5 23. Bg4 Kg7 24. Rae1 Bd6 25. Re6 Bc5 26. Qe2 Qg5 27. Qe5+ Qxe5 28. Rxe5 Raf8 29. Re2 Re7 30. Rxe7+ Bxe7 31. Bf3 Rd8 32. Rd1 1/2-1/2

[Event "GER-chT Federal Cup (Women)"]
[Site "Braunfels"]
[Date "2019.06.21"]
[Round "2.46"]
[White "Zell, Mirjam"]
[Black "Wenke, Andrea"]
[Result "1-0"]
[ECO "C62"]
[WhiteElo "1660"]
[BlackElo "1756"]
[PlyCount "112"]
[EventDate "2019.06.20"]
[EventType "team-swiss"]
[EventRounds "5"]
[EventCountry "GER"]
[SourceTitle "CBM 191 Extra"]
[Source "ChessBase"]
[SourceDate "2019.09.30"]
[SourceVersion "1"]
[SourceVersionDate "2019.09.30"]
[SourceQuality "1"]

1. e4 e5 2. Nf3 Nc6 3. Bb5 d6 4. c3 Bd7 5. Ba4 Be7 6. 0-0 Nf6 7. Re1 0-0 8. h3 Nh5 9. Nxe5 Nxe5 10. Bxd7 Qxd7 11. Qxh5 Nd3 12. Rf1 Qc6 13. Qf3 Ne5 14. Qe2 Ng6 15. d3 f5 16. Nd2 Nf4 17. Qf3 g5 18. exf5 Qxf3 19. Nxf3 Nxd3 20. Bxg5 Bxg5 21. Nxg5 Rxf5 22. Nf3 Re8 23. b3 Nf4 24. Rfe1 Rxe1+ 25. Rxe1 Kf7 26. Nd4 Rg5 27. g3 Nxh3+ 28. Kh2 Rh5 29. Kg2 Ng5 30. f4 c5 31. Nb5 Ne6 32. Nxd6+ Kf6 33. Nxb7 Rd5 34. Kf3 Rd2 35. Re2 Rd3+ 36. Re3 Rd1 37. Na5 Ra1 38. a4 Ra3 39. Re4 Nc7 40. Rc4 Ne6 41. g4 h6 42. f5 Ng5+ 43. Ke3 Ra1 44. Rxc5 Rg1 45. Rc6+ Ke5 46. Rxh6 Rxg4 47. Nc6+ Kxf5 48. Nxa7 Ne6 49. Nc6 Rg3+ 50. Kd2 Nc5 51. Rh5+ Rg5 52. Rxg5+ Kxg5 53. Kc2 Kf4 54. a5 Ke4 55. b4 Na4 56. Kb3 Kd5 1-0

[Event "GER-chT Federal Cup (Women)"]
[Site "Braunfels"]
[Date "2019.06.20"]
[Round "1.14"]
[White "Wenke, Andrea"]
[Black "Werner, Rosalie"]
[Result "1/2-1/2"]
[ECO "C01"]
[WhiteElo "1756"]
[BlackElo "1610"]
[PlyCount "132"]
[EventDate "2019.06.20"]
[EventType "team-swiss"]
[EventRounds "5"]
[EventCountry "GER"]
[SourceTitle "CBM 191 Extra"]
[Source "ChessBase"]
[SourceDate "2019.09.30"]
[SourceVersion "1"]
[SourceVersionDate "2019.09.30"]
[SourceQuality "1"]

1. e4 e6 2. d4 d5 3. exd5 exd5 4. Nc3 c6 5. Bd3 Bd6 6. Nf3 Ne7 7. Ng5 Bf5 8. Qf3 Qd7 9. 0-0 0-0 10. Qh5 Bxd3 11. cxd3 Qf5 12. Qf3 Nd7 13. Ne2 Qxf3 14. Nxf3 Ng6 15. Bd2 Rfe8 16. Ng3 Nf4 17. Bxf4 Bxf4 18. Rfe1 g6 19. Kf1 f6 20. Re2 Kf7 21. b4 a6 22. a4 Rxe2 23. Nxe2 Bd6 24. Rb1 b5 25. a5 Rc8 26. h4 h5 27. g3 Nf8 28. Ne1 Ne6 29. Nc2 Ke7 30. Kg2 Kd7 31. f4 Re8 32. Kf3 Rg8 33. Rg1 g5 34. hxg5 fxg5 35. Rh1 g4+ 36. Kf2 Ng7 37. Nc1 Re8 38. Nb3 Kc7 39. Nc5 Bxc5 40. dxc5 Rh8 41. Nd4 Kd7 42. Re1 Re8 43. Rxe8 Nxe8 44. f5 Nf6 45. Ke3 Nh7 46. Kf4 Kc7 47. Ne6+ Kd7 48. Ng7 Nf6 49. Kg5 h4 50. Kxh4 d4 51. Ne6 Nd5 52. Nxd4 Nxb4 53. Kxg4 Nxd3 54. f6 Nxc5 55. Kf5 b4 56. f7 Ke7 57. Nxc6+ Kxf7 58. Nxb4 Nb3 59. Nxa6 Nxa5 60. Nc5 Nc4 61. Ne4 Ne3+ 62. Kf4 Nd5+ 63. Ke5 Ne7 64. g4 Kg6 65. Ke6 Ng8 66. g5 Nh6 1/2-1/2

[Event "BL2 West 1819 (Women)"]
[Site "Germany"]
[Date "2019.01.12"]
[Round "6.4"]
[White "Fett, Sabine"]
[Black "Wenke, Andrea"]
[Result "1/2-1/2"]
[ECO "C55"]
[WhiteElo "1716"]
[BlackElo "1766"]
[PlyCount "46"]
[EventDate "2018.10.27"]
[EventType "team-tourn"]
[EventRounds "7"]
[EventCountry "GER"]
[SourceTitle "CBM 190 Extra"]
[Source "ChessBase"]
[SourceDate "2019.07.15"]
[SourceVersion "1"]
[SourceVersionDate "2019.07.15"]
[SourceQuality "1"]
[WhiteTeam "Luebeck (W)"]
[BlackTeam "Delmenhorst (W)"]
[WhiteTeamCountry "GER"]
[BlackTeamCountry "GER"]

1. e4 e5 2. Bc4 Nf6 3. Nf3 d6 4. d3 Be7 5. 0-0 0-0 6. h3 Nc6 7. Nc3 Nd4 8. Nxd4 exd4 9. Ne2 c5 10. Nf4 a6 11. Nd5 b5 12. Nxf6+ Bxf6 13. Bd5 Ra7 14. f4 Be6 15. Bxe6 fxe6 16. Qg4 Qe8 17. Bd2 g6 18. Qg3 Bg7 19. f5 e5 20. fxg6 Qxg6 21. Rxf8+ Bxf8 22. Qxg6+ hxg6 23. Rf1 Rf7 1/2-1/2

[Event "BL2 West 1819 (Women)"]
[Site "Germany"]
[Date "2018.12.09"]
[Round "5.6"]
[White "Hoefner, Nina"]
[Black "Wenke, Andrea"]
[Result "0-1"]
[ECO "C29"]
[WhiteElo "1621"]
[BlackElo "1760"]
[PlyCount "46"]
[EventDate "2018.10.27"]
[EventType "team-tourn"]
[EventRounds "7"]
[EventCountry "GER"]
[SourceTitle "CBM 190 Extra"]
[Source "ChessBase"]
[SourceDate "2019.07.15"]
[SourceVersion "1"]
[SourceVersionDate "2019.07.15"]
[SourceQuality "1"]
[WhiteTeam "Hamburger SK (W) II"]
[BlackTeam "Delmenhorst (W)"]
[WhiteTeamCountry "GER"]
[BlackTeamCountry "GER"]

1. e4 e5 2. Nc3 Nf6 3. f4 Nc6 4. fxe5 Nxe5 5. d4 Ng6 6. e5 Ng8 7. Nf3 d6 8. exd6 Bxd6 9. Bc4 Qe7+ 10. Ne2 h6 11. 0-0 Nf6 12. Re1 Kd8 13. Nf4 Ne4 14. Nxg6 fxg6 15. Ne5 Bf5 16. Nf7+ Kd7 17. Nxh8 Rxh8 18. Qf3 Bxh2+ 19. Kf1 Ng3+ 20. Kf2 Be4 21. Qg4+ Kd8 22. Qe6 Rf8+ 23. Ke3 Qg5# 0-1

[Event "BL2 West 1819 (Women)"]
[Site "Germany"]
[Date "2018.11.17"]
[Round "3.4"]
[White "Wenke, Andrea"]
[Black "Wirths, Clara"]
[Result "0-1"]
[ECO "B33"]
[WhiteElo "1764"]
[BlackElo "1981"]
[PlyCount "92"]
[EventDate "2018.10.27"]
[EventType "team-tourn"]
[EventRounds "7"]
[EventCountry "GER"]
[SourceTitle "CBM 190 Extra"]
[Source "ChessBase"]
[SourceDate "2019.07.15"]
[SourceVersion "1"]
[SourceVersionDate "2019.07.15"]
[SourceQuality "1"]
[WhiteTeam "Delmenhorst (W)"]
[BlackTeam "Bochum Wattenscheid (W)"]
[WhiteTeamCountry "GER"]
[BlackTeamCountry "GER"]

1. e4 c5 2. Nf3 Nc6 3. d4 cxd4 4. Nxd4 Nf6 5. Nc3 e5 6. Nf3 Bb4 7. Bd3 d5 8. exd5 Nxd5 9. Bd2 Nxc3 10. Bxc3 Bxc3+ 11. bxc3 0-0 12. 0-0 Qf6 13. Be4 Bf5 14. Qe2 Bxe4 15. Qxe4 Qg6 16. Qa4 f6 17. Rfd1 Rfd8 18. Qb3+ Qf7 19. a4 b6 20. Qb5 Na5 21. Nd2 Rd5 22. Qe2 Rad8 23. Ne4 Qd7 24. Rxd5 Qxd5 25. Kf1 Qc4 26. Ke1 Qxe2+ 27. Kxe2 Kf7 28. Rd1 Rxd1 29. Kxd1 Nc4 30. Kc1 Ke6 31. Nd2 Nxd2 32. Kxd2 Kd5 33. Kd3 f5 34. f3 Kc5 35. h3 Kd5 36. g4 g6 37. c4+ Kc5 38. c3 h6 39. h4 h5 40. g5 a6 41. Kd2 Kxc4 42. Kc2 a5 43. Kd2 b5 44. axb5 Kxb5 45. Kd3 a4 46. c4+ Kb4 0-1

[Event "BL2 West 1819 (Women)"]
[Site "Germany"]
[Date "2018.10.28"]
[Round "2.5"]
[White "Wenke, Andrea"]
[Black "Schrader, Elanor"]
[Result "1/2-1/2"]
[ECO "B34"]
[WhiteElo "1771"]
[BlackElo "1790"]
[PlyCount "99"]
[EventDate "2018.10.27"]
[EventType "team-tourn"]
[EventRounds "7"]
[EventCountry "GER"]
[SourceTitle "CBM 190 Extra"]
[Source "ChessBase"]
[SourceDate "2019.07.15"]
[SourceVersion "1"]
[SourceVersionDate "2019.07.15"]
[SourceQuality "1"]
[WhiteTeam "Delmenhorst (W)"]
[BlackTeam "Paderborn Blauer Springer (W)"]
[WhiteTeamCountry "GER"]
[BlackTeamCountry "GER"]

1. e4 c5 2. Nf3 Nc6 3. d4 cxd4 4. Nxd4 g6 5. c3 Bg7 6. Bc4 Nf6 7. Nd2 0-0 8. 0-0 Ne5 9. Be2 d5 10. exd5 Qxd5 11. Bf3 Nxf3+ 12. Qxf3 e5 13. Qxd5 Nxd5 14. N4f3 f5 15. Nb3 b6 16. Bd2 Re8 17. Rfe1 Ba6 18. Rad1 Rac8 19. Bc1 Bb7 20. a4 Rc4 21. a5 Nf4 22. Nbd4 Nd5 23. axb6 axb6 24. Nb5 Bf8 25. Nxe5 Rc5 26. Nd4 Nxc3 27. bxc3 Rcxe5 28. Rxe5 Rxe5 29. Be3 Bc5 30. h3 Re7 31. Nc2 Be4 32. Bxc5 bxc5 33. Ne3 Kf7 34. Nd5 Bxd5 35. Rxd5 Rc7 36. c4 Kf6 37. f3 Kg5 38. g3 h5 39. h4+ Kf6 40. Kg2 Rc6 41. Kh3 Ke6 42. g4 fxg4+ 43. fxg4 hxg4+ 44. Kxg4 Kf6 45. Kf4 Kf7 46. Kg5 Ke7 47. Kh6 Kf7 48. Rg5 Rc8 49. Kh7 Rc6 50. Kh6 1/2-1/2

[Event "BL2 West 1819 (Women)"]
[Site "Germany"]
[Date "2018.10.27"]
[Round "1.5"]
[White "Veldhuis, Karina"]
[Black "Wenke, Andrea"]
[Result "1-0"]
[ECO "A40"]
[WhiteElo "1847"]
[BlackElo "1771"]
[PlyCount "67"]
[EventDate "2018.10.27"]
[EventType "team-tourn"]
[EventRounds "7"]
[EventCountry "GER"]
[SourceTitle "CBM 190 Extra"]
[Source "ChessBase"]
[SourceDate "2019.07.15"]
[SourceVersion "1"]
[SourceVersionDate "2019.07.15"]
[SourceQuality "1"]
[WhiteTeam "Steinfurt (W)"]
[BlackTeam "Delmenhorst (W)"]
[WhiteTeamCountry "GER"]
[BlackTeamCountry "GER"]

1. d4 d6 2. Nf3 g6 3. e3 Bg7 4. Bd3 Bg4 5. h3 Bd7 6. Nbd2 Nf6 7. c3 0-0 8. 0-0 Qc8 9. e4 Nh5 10. Nc4 Nc6 11. Bg5 f6 12. Be3 e5 13. Re1 Kh8 14. Be2 Ne7 15. Nh2 Nf4 16. Bxf4 exf4 17. Bg4 f5 18. exf5 Nxf5 19. Bf3 Rb8 20. Nd2 b6 21. Ne4 h6 22. Qd2 Nh4 23. Qd3 Bf5 24. Qd1 d5 25. Nd2 c6 26. Bg4 Qd7 27. Bxf5 Nxf5 28. Ndf3 b5 29. Ng4 b4 30. Qd2 a5 31. Nge5 Qd6 32. Qxf4 bxc3 33. bxc3 Ne7 34. Nf7+ 1-0

[Event "BL2 West 1718 (Women)"]
[Site "Germany"]
[Date "2018.02.17"]
[Round "6.6"]
[White "Wenke, Andrea"]
[Black "Giede, Anna Blume"]
[Result "0-1"]
[ECO "B13"]
[WhiteElo "1796"]
[BlackElo "1599"]
[PlyCount "78"]
[EventDate "2017.10.14"]
[EventType "team-tourn"]
[EventRounds "7"]
[EventCountry "GER"]
[SourceTitle "EXT 2019"]
[Source "ChessBase"]
[SourceDate "2018.10.10"]
[SourceVersion "1"]
[SourceVersionDate "2018.10.10"]
[SourceQuality "1"]
[WhiteTeam "Delmenhorst (W)"]
[BlackTeam "Norderstedt Harksheide (W)"]
[WhiteTeamCountry "GER"]
[BlackTeamCountry "GER"]

1. e4 c6 2. d4 d5 3. exd5 cxd5 4. Nc3 Nf6 5. Bf4 a6 6. Nf3 Bf5 7. Bd3 Bxd3 8. Qxd3 Nc6 9. 0-0 e6 10. Ne2 Bd6 11. Rac1 b5 12. c3 Rc8 13. a4 Bxf4 14. Nxf4 Qb6 15. axb5 axb5 16. Ra1 0-0 17. Ra2 b4 18. Ra6 Qc7 19. Ne2 bxc3 20. bxc3 Na5 21. Ne5 Nc4 22. Rfa1 Nxe5 23. dxe5 Qxe5 24. Nd4 Ne4 25. Nc6 Qf6 26. Qd4 Qxd4 27. cxd4 Rc7 28. f3 Nd2 29. Kf2 g6 30. Ke2 Nc4 31. Rb1 Rfc8 32. Na5 Nxa5 33. Rxa5 Rc2+ 34. Kf1 Rc1+ 35. Rxc1 Rxc1+ 36. Ke2 Rc2+ 37. Kf1 Rc4 38. h4 Rxd4 39. g4 h5 0-1

[Event "BL2 West 1718 (Women)"]
[Site "Germany"]
[Date "2018.01.28"]
[Round "5.6"]
[White "Wenke, Andrea"]
[Black "Schrader, Elanor"]
[Result "0-1"]
[ECO "B34"]
[WhiteElo "1796"]
[BlackElo "1792"]
[PlyCount "40"]
[EventDate "2017.10.14"]
[EventType "team-tourn"]
[EventRounds "7"]
[EventCountry "GER"]
[SourceTitle "EXT 2019"]
[Source "ChessBase"]
[SourceDate "2018.10.10"]
[SourceVersion "1"]
[SourceVersionDate "2018.10.10"]
[SourceQuality "1"]
[WhiteTeam "Delmenhorst (W)"]
[BlackTeam "Paderborn Blauer Springer (W)"]
[WhiteTeamCountry "GER"]
[BlackTeamCountry "GER"]

1. e4 c5 2. Nf3 Nc6 3. d4 cxd4 4. Nxd4 g6 5. c3 Bg7 6. Be3 Nf6 7. Nd2 0-0 8. Bc4 d5 9. exd5 Nxd5 10. Nxc6 bxc6 11. Bc5 Rb8 12. Bb3 Ba6 13. Qc2 Nf4 14. Be3 Nxg2+ 15. Kd1 Bd3 16. Qc1 Qd7 17. Bc5 Be4 18. Bc4 Rfd8 19. Rf1 Bf3+ 20. Kc2 Qf5+ 0-1

[Event "BL2 West 1718 (Women)"]
[Site "Germany"]
[Date "2017.10.15"]
[Round "2.6"]
[White "Wenke, Andrea"]
[Black "Herick, Maria"]
[Result "1/2-1/2"]
[ECO "C45"]
[WhiteElo "1796"]
[BlackElo "1272"]
[PlyCount "58"]
[EventDate "2017.10.14"]
[EventType "team-tourn"]
[EventRounds "7"]
[EventCountry "GER"]
[SourceTitle "EXT 2019"]
[Source "ChessBase"]
[SourceDate "2018.10.10"]
[SourceVersion "1"]
[SourceVersionDate "2018.10.10"]
[SourceQuality "1"]
[WhiteTeam "Delmenhorst (W)"]
[BlackTeam "Steinfurt (W)"]
[WhiteTeamCountry "GER"]
[BlackTeamCountry "GER"]

1. e4 e5 2. Nf3 Nc6 3. d4 exd4 4. Nxd4 Nxd4 5. Qxd4 d6 6. Nc3 Nf6 7. Bc4 Be6 8. 0-0 c5 9. Bb5+ Bd7 10. Qd3 Be7 11. Bf4 0-0 12. Bxd6 Bxd6 13. Qxd6 Bxb5 14. Nxb5 Nxe4 15. Qf4 Nf6 16. Rfd1 Qb6 17. c4 a6 18. Nc7 Rac8 19. Nd5 Nxd5 20. cxd5 Qxb2 21. Rab1 Qc2 22. d6 Rfd8 23. Rbc1 Qg6 24. d7 Ra8 25. Rxc5 Qb6 26. Qc1 Qe6 27. Rc7 h6 28. Qc2 b5 29. Rc1 Rxd7 1/2-1/2

[Event "BL2 West 1617 (Women)"]
[Site "Germany"]
[Date "2017.03.26"]
[Round "6.5"]
[White "Franzenburg, Maria"]
[Black "Wenke, Andrea"]
[Result "0-1"]
[ECO "E61"]
[WhiteElo "1865"]
[BlackElo "1769"]
[PlyCount "108"]
[EventDate "2016.10.22"]
[EventType "team-tourn"]
[EventRounds "7"]
[EventCountry "GER"]
[SourceTitle "EXT 2018"]
[Source "ChessBase"]
[SourceDate "2017.10.13"]
[SourceVersion "1"]
[SourceVersionDate "2017.10.13"]
[SourceQuality "1"]
[WhiteTeam "Kiel Doppelbauer (W)"]
[BlackTeam "Delmenhorst (W)"]
[WhiteTeamCountry "GER"]
[BlackTeamCountry "GER"]

1. c4 g6 2. Nc3 Bg7 3. e3 Nf6 4. d4 d6 5. g3 0-0 6. Bg2 Nbd7 7. Nge2 e5 8. 0-0 Rb8 9. f4 exd4 10. exd4 Nb6 11. b3 Bf5 12. h3 h5 13. Ba3 Re8 14. Rc1 c6 15. Kh2 d5 16. c5 Nbd7 17. Ng1 Ne4 18. Nf3 Qa5 19. Nb1 Ndf6 20. Ne5 Bh6 21. g4 hxg4 22. hxg4 Rxe5 23. dxe5 Nxg4+ 24. Kg1 Ne3 25. Qe1 Qxe1 26. Rfxe1 Nxg2 27. Kxg2 Bxf4 28. Bb2 Bxc1 29. Rxc1 Re8 30. Bd4 Ng5 31. Nd2 Ne6 32. Be3 Kg7 33. Rh1 Rh8 34. Rxh8 Kxh8 35. Kg3 Kg7 36. Nf3 f6 37. exf6+ Kxf6 38. b4 Bb1 39. a3 Nf8 40. Nd2 Bc2 41. Nf3 Nd7 42. Nd4 Be4 43. Kf4 Ne5 44. b5 Nd3+ 45. Kg3 cxb5 46. Nxb5 a6 47. Nd6 Ke5 48. Nf7+ Kf6 49. Nd6 Ke5 50. Nf7+ Ke6 51. Nd6 Ne5 52. Bd4 Nc6 53. Bb2 Na5 54. Bc3 Nb3 0-1

[Event "BL2 West 1617 (Women)"]
[Site "Germany"]
[Date "2017.03.26"]
[Round "7.5"]
[White "Wenke, Andrea"]
[Black "Krupp, Katja"]
[Result "1-0"]
[ECO "C45"]
[WhiteElo "1769"]
[BlackElo "1622"]
[PlyCount "41"]
[EventDate "2016.10.22"]
[EventType "team-tourn"]
[EventRounds "7"]
[EventCountry "GER"]
[SourceTitle "EXT 2018"]
[Source "ChessBase"]
[SourceDate "2017.10.13"]
[SourceVersion "1"]
[SourceVersionDate "2017.10.13"]
[SourceQuality "1"]
[WhiteTeam "Delmenhorst (W)"]
[BlackTeam "Quickborn Holstein (W)"]
[WhiteTeamCountry "GER"]
[BlackTeamCountry "GER"]

1. e4 e5 2. Nf3 Nc6 3. d4 exd4 4. Nxd4 Bc5 5. Be3 Nxd4 6. Bxd4 b6 7. Bxg7 Qh4 8. Qf3 Bb7 9. Nc3 0-0-0 10. Bxh8 Re8 11. 0-0-0 f6 12. Qf5 Bc6 13. Bb5 Ne7 14. Qxf6 Qh5 15. Bxc6 Nxc6 16. f3 Bd6 17. g4 Qa5 18. Qg7 Bf4+ 19. Kb1 d6 20. Qxh7 b5 21. Qf5+ 1-0

[Event "BL2 West 1617 (Women)"]
[Site "Germany"]
[Date "2017.02.12"]
[Round "5.5"]
[White "Henke, Jennifer"]
[Black "Wenke, Andrea"]
[Result "0-1"]
[ECO "E62"]
[WhiteElo "1431"]
[BlackElo "1769"]
[PlyCount "66"]
[EventDate "2016.10.22"]
[EventType "team-tourn"]
[EventRounds "7"]
[EventCountry "GER"]
[SourceTitle "EXT 2018"]
[Source "ChessBase"]
[SourceDate "2017.10.13"]
[SourceVersion "1"]
[SourceVersionDate "2017.10.13"]
[SourceQuality "1"]
[WhiteTeam "Muenster (W)"]
[BlackTeam "Delmenhorst (W)"]
[WhiteTeamCountry "GER"]
[BlackTeamCountry "GER"]

1. c4 g6 2. Nc3 Bg7 3. g3 Nf6 4. Bg2 0-0 5. Nf3 d6 6. d4 c6 7. 0-0 Bf5 8. Re1 Ne4 9. Qb3 Qb6 10. Qxb6 axb6 11. Nxe4 Bxe4 12. e3 Nd7 13. Bd2 e6 14. a3 c5 15. Bc3 d5 16. b3 Ra7 17. Nd2 Bxg2 18. Kxg2 Rfa8 19. Bb2 Nb8 20. Ra2 Nc6 21. Nf3 Nb4 22. Raa1 Nc2 23. Rac1 Nxe1+ 24. Rxe1 dxc4 25. bxc4 Ra4 26. Rc1 Rc8 27. Nd2 Rd8 28. Nb3 Bf8 29. Kf3 cxd4 30. exd4 Bxa3 31. Bxa3 Rxa3 32. Rc3 Rxd4 33. Ke3 Rd1 0-1